Zelda Echoes of Wisdom - Personnages - Statistiques

Statistiques générales
  • Ce quiz a été pris 15 fois
  • Le résultat moyen est 13 sur 57
Statistiques - réponses
Par images Réponse % Correct
Ganon
100%
Link
100%
Princesse Zelda
100%
Impa
92%
Roi d'Hyrule
77%
Tri
69%
Arbre Mojo
54%
Grand Jabu-Jabu
54%
Grande Fée
46%
Igor
46%
Général Dex
38%
Costré
31%
Dradd
31%
Loubery
31%
Nihil
31%
Tampon-man
31%
Ministre Sénèce
23%
Pestes Mojos
23%
Darston
15%
Fasseth
15%
Kusha
15%
Peste Marchande
15%
Poupouss
15%
Tohna
15%
Andez
8%
Anubi
8%
Barnard
8%
Bazal
8%
Bocat
8%
Cocogne
8%
Cupul
8%
Cycas
8%
Eucal
8%
Falfa
8%
Farfu
8%
Foufouille
8%
Ghauld
8%
Gyspe
8%
Hémib
8%
Inawa
8%
Kalk
8%
Médac
8%
Mignon
8%
Monsieur Maldeum
8%
Onagre
8%
Petit toutou
8%
Phagus
8%
Racelle
8%
Rogma
8%
Romie
8%
Sélam
8%
Shisho
8%
Sidien
8%
Silva
8%
Tartampon
8%
Tourma
8%
Tourmalie
8%
Aucun quiz correspondant
Distribution des résultats
% des personnes avec chaque résultat
Percentile par nombre de réponses
Votre historique - résultats
Vous n’avez pas pris ce quiz